La Explotación sexual de niños /

Gorde:
Xehetasun bibliografikoak
Egile nagusia: Leal, Gustavo
Formatua: Texto
Etiketak: Etiketa erantsi
Etiketarik gabe, Izan zaitez lehena erregistro honi etiketa jartzen!

MARC

LEADER 00000 a a2200000 04500
001 8656
003
040
100 |a Leal, Gustavo  
245 |a La Explotación sexual de niños /  |c Gustavo Leal 
773 |g volumen 67, número 234; páginas 15-38  
999 |c 29978  |d 29978